<?xml version="1.0" encoding="UTF-8"?>
<record
    xmlns:xsi="http://www.w3.org/2001/XMLSchema-instance"
    xsi:schemaLocation="http://www.loc.gov/MARC21/slim http://www.loc.gov/standards/marcxml/schema/MARC21slim.xsd"
    xmlns="http://www.loc.gov/MARC21/slim">

  <leader>00797aab a2200181 i 4500</leader>
  <controlfield tag="001">768714001</controlfield>
  <controlfield tag="003">CO-MdFUSB</controlfield>
  <controlfield tag="005">20240326141411.0</controlfield>
  <controlfield tag="008">240326b        |||||||| |||| 00| 0 eng d</controlfield>
  <datafield tag="040" ind1=" " ind2=" ">
    <subfield code="b">spa</subfield>
    <subfield code="c">CO-MdFUSB</subfield>
  </datafield>
  <datafield tag="041" ind1=" " ind2=" ">
    <subfield code="a">spa</subfield>
  </datafield>
  <datafield tag="245" ind1="1" ind2="0">
    <subfield code="a">"El reto&#xF1;o" donde se nutre la esperanza</subfield>
  </datafield>
  <datafield tag="300" ind1=" " ind2=" ">
    <subfield code="a">Volumen 12, n&#xFA;mero 4 (octubre - diciembre, 1993), p&#xE1;ginas: 11 - 12</subfield>
    <subfield code="c">; 27 cm</subfield>
  </datafield>
  <datafield tag="520" ind1=" " ind2=" ">
    <subfield code="a">Este art&#xED;culo es una entrevista entre MISI&#xD3;N con Kike Vivas, coordinador de "El Reto&#xF1;o", un ministerio dedicado a la rehabilitaci&#xF3;n de adictos a las drogas y a la atenci&#xF3;n de portadores del V.I.H. en Buenos Aires.</subfield>
  </datafield>
  <datafield tag="653" ind1=" " ind2=" ">
    <subfield code="a">Entrevista</subfield>
  </datafield>
  <datafield tag="773" ind1="0" ind2=" ">
    <subfield code="t">Iglesia y Misi&#xF3;n</subfield>
    <subfield code="0">49402</subfield>
    <subfield code="9">59656</subfield>
    <subfield code="g">Volumen 12, n&#xFA;mero 4 (octubre - diciembre, 1993), p&#xE1;ginas: 11 - 12</subfield>
    <subfield code="q">p&#xE1;ginas: 11</subfield>
  </datafield>
  <datafield tag="942" ind1=" " ind2=" ">
    <subfield code="c">ANA</subfield>
  </datafield>
  <datafield tag="999" ind1=" " ind2=" ">
    <subfield code="c">52013</subfield>
    <subfield code="d">52013</subfield>
  </datafield>
</record>
